000 00878nam a2200229 a 4500
008 120416s1998 ||||||||||||||||| || u
020 _a0786311843
050 _aHD 9502.A2 Fus
100 _aFusaro, Peter C
245 1 0 _aEnergy risk management
246 _ahedging strategies and instruments for the international energy markets
260 _aWashington, DC.
_bMcGraw-Hill
_c1998
300 _axxiii, 260p. : ill.
350 _a0.00
650 _aPETROLEUM PRODUCTS--PRICES
650 _aPOWER RESOURCES--PRICES
650 _aENERGY INDUSTRIES
650 _aGASES
856 _uhttp://www.loc.gov/catdir/description/mh023/97034906.html
856 _uhttp://www.loc.gov/catdir/bios/mh042/97034906.html
995 _D0.00
_FCBU-MAIN LIBRARY (Kitwe)
_H1
_I75.00
_M1
_UAVAILABLE
_ZMain Library Open Access Collection
999 _c41895
_d41895